| 000 | 00000cam 22000008i 4500 |
| 001 | 9.960596 |
| 003 | CaOODSP |
| 005 | 20260514155056 |
| 006 | m o d f |
| 007 | cr cn |||||||| |
| 008 | 260304e202604 oncbd ob f000 0 eng d |
| 020 | |a9780660987804 |
| 040 | |aCaOODSP|beng|erda|cCaOODSP |
| 043 | |an-cnm--|an-cn-qu|aln----- |
| 086 | 1 |aFs70-5/2026-024E-PDF |
| 100 | 1 |aSurette, Tobie, |eauthor. |
| 245 | 10|aSouthern Gulf of St. Lawrence (CFAs 12, 12E, 12F and 19) snow crab (Chionoecetes opilio) stock assessment in 2025 / |cTobie Surette and Joël Chassé. |
| 264 | 1|aOttawa ON : |bCanadian Science Advisory Secretariat, |cApril 2026. |
| 264 | 4|c©2026 |
| 300 | |a1 online resource (v, 38 pages) : |bmaps, charts. |
| 336 | |atext|btxt|2rdacontent |
| 337 | |acomputer|bc|2rdamedia |
| 338 | |aonline resource|bcr|2rdacarrier |
| 490 | 1 |aResearch document, |x1919-5044 ; |v2026/024 |
| 500 | |aIssued also in French under title: Évaluation du stock de crabe des neiges (Chionoecetes opilio) dans le sud du golfe du Saint-Laurent (ZPC 12, 12E, 12F et 19) en 2025. |
| 504 | |aIncludes bibliographical references (pages 13-14). |
| 650 | 0|aSnow crab|zSaint Lawrence, Gulf of. |
| 650 | 0|aSnow crab fisheries|zSaint Lawrence, Gulf of. |
| 650 | 0|aFish stock assessment|zSaint Lawrence, Gulf of. |
| 710 | 1 |aCanada. |bDepartment of Fisheries and Oceans. |bGulf Region, |eissuing body. |
| 710 | 2 |aCanadian Science Advisory Secretariat, |eissuing body. |
| 775 | 08|tÉvaluation du stock de crabe des neiges (Chionoecetes opilio) dans le sud du golfe du Saint-Laurent (ZPC 12, 12E, 12F et 19) en 2025.|w(CaOODSP)9.960595 |
| 830 | #0|aResearch document (Canadian Science Advisory Secretariat)|v2026/024.|w(CaOODSP)9.507396 |
| 856 | 40|qPDF|s19.5 MB|uhttps://publications.gc.ca/collections/collection_2026/mpo-dfo/fs70-5/Fs70-5-2026-024-eng.pdf |